000 00318nam a22001337a 4500
008 170629b xxu||||| |||| 00| 0 eng d
020 _a9780195059199
041 _aeng
080 _a82
100 _a22
101 _aGJL
245 _aANNLS OF AMERICAN LITERATURE 1602 1983
_cLUDWING .R...M
942 _2udc
_cBK
999 _c19669
_d19669